00794 2200277 4500001002100000005001700021008004100038020002200079035002500101040001200126082002200138084002200160090002200182100003900204245008100243250001100324260003000335300003300365650003000398700000900428700001600437850001200453990001700465990001700482990001700499INLIS00000000000070420141201090536.0  a978-602-9434-17-0 a0010-111400000000063 aYOPDYOG aCoE 899.221 Riy S aCoE 899.221 Riy S aCoE 899.221 Riy S aRIYO DWIJOHANGREKSOBROTO, R, 1957- aSerat pitutur budic/ R. Riyo Dwijahangreksobroto, R. Subardo ; editor, Qoni aCet. 1 aYogyakartabFamiliac2013 axi, 74 hlm.c21 cm. [3 eks.] aKesusastraan Jawa - Puisi aQoni aSubardo, R. aYOPDYOG a2769-PD/B.14 a2770-PD/B.14 a2771-PD/B.14